000 00543nam a2200217Ia 4500
003 OSt
005 20221005122924.0
006 a|||||r|||| 00| 0
007 ta
008 221004b |||||||| |||| 00| 0 hin d
024 _a122763
037 _cTextual
040 _aCRL
_cCRL
_bhin
041 _2hin
_ahin
082 _aO152,1:g, P3;1
100 _aNaval Nand Kishore
_9420524
245 0 _aKavita ke aar paar
260 _c2003
942 _hO152,1:g, P3;1
_cTEXL
_2cc
999 _c1045798
_d1045798